Normal view
MARC view
- الرياضيات - طرق التدريس
Entry Topical Term
001 - CONTROL NUMBER
- control field: 42156
003 - CONTROL NUMBER IDENTIFIER
- control field: JO-AjAnu
005 - DATE AND TIME OF LATEST TRANSACTION
- control field: 20230606081009.0
008 - FIXED-LENGTH DATA ELEMENTS
- fixed length control field: 230606|| aca||aabn | a|a d
040 ## - CATALOGING SOURCE
- Original cataloging agency: JO-AjAnu
- Transcribing agency: JO-AjAnu
150 ## - HEADING--TOPICAL TERM
- Topical term or geographic name entry element: الرياضيات - طرق التدريس
670 ## - SOURCE DATA FOUND
- Source citation: Work cat.: (JO-AjAnu)21597: أبو لوم، خالد/ م. مشارك سليمان ابو هاني , author 42155, الالعاب في تدريس الرياضيات=Games in Teaching Mathematics